Soldadura por resistencia / (Record no. 92183)

MARC details
000 -LEADER
campo de control de longitud fija 00645nam a2200193 i 4500
001 - NÚMERO DE CONTROL
campo de control 92183
003 - IDENTIFICADOR DE NÚMERO DE CONTROL
campo de control ES-MaACL
005 - FECHA Y HORA DE LA ÚLTIMA TRANSACCIÓN
campo de control 20230906180921.0
007 - CAMPO FIJO DE DESCRIPCIÓN FÍSICA--INFORMACIÓN GENERAL
campo de control de longitud fija t|
008 - DATOS DE LONGITUD FIJA--INFORMACIÓN GENERAL
campo de control de longitud fija 050222s1968 sp ||||1| spa d
100 1# - ENTRADA PRINCIPAL--NOMBRE DE PERSONA
Nombre de persona Lheureux, G. E.
9 (RLIN) 72135
245 10 - MENCIÓN DEL TÍTULO
Título Soldadura por resistencia /
Mención de responsabilidad, etc. por G. E. Lheureux y E. J. Belotte; [traducida por Eduardo Aldeanueva y Estanislao Pérez].
260 ## - PUBLICACIÓN, DISTRIBUCIÓN, ETC.
Lugar de publicación, distribución, etc. Barcelona :
Nombre del editor, distribuidor, etc. Hispano-Europea,
Fecha de publicación, distribución, etc. [1968]
300 ## - DESCRIPCIÓN FÍSICA
Extensión 551 p. :
Otras características físicas il.; 14 lám. ;
Dimensiones 21 cm.
700 1# - ENTRADA AGREGADA--NOMBRE PERSONAL
Nombre de persona Belotte, E. J.
9 (RLIN) 27320
700 1# - ENTRADA AGREGADA--NOMBRE PERSONAL
Nombre de persona Aldeanueva, Eduardo.
9 (RLIN) 19624
700 1# - ENTRADA AGREGADA--NOMBRE PERSONAL
Nombre de persona Pérez, Estanislao.
9 (RLIN) 90570
852 ## - LOCALIZACIÓN
Ubicación ES-MaACL
Número de control de estantería C-36955
Sublocalización o colección R.67168
Holdings
Estatus retirado Estado de pérdida Estado de daño No para préstamo Biblioteca de origen Biblioteca actual Ubicación en estantería Fecha de adquisición Fuente de adquisición Total de préstamos Signatura topográfica completa Código de barras Visto por última vez Precio de reemplazo Tipo de ítem Koha
        Biblioteca del Ateneo de Madrid Biblioteca del Ateneo de Madrid Depósito 2 17/01/2008     C-36955 1096243 23/02/2023 23/02/2023 Libro impreso